No habrá más penas ni olvido (Registro nro. 33344)

Detalles MARC
000 -LEADER
fixed length control field 00367 a2200109 4500
001 - CONTROL NUMBER
control field ART_41866
005 - DATE AND TIME OF LATEST TRANSACTION
control field 20260410162023.0
008 - FIXED-LENGTH DATA ELEMENTS--GENERAL INFORMATION
fixed length control field 260409a
100 1# - MAIN ENTRY--PERSONAL NAME
Personal name Sabelli, Héctor E.
245 10 - TITLE STATEMENT
Title No habrá más penas ni olvido
773 0# - HOST ITEM ENTRY
Title Jurisprudencia Argentina
Related parts Jurisprudencia de la Corte Suprema de Justicia de la Nación (abr. 2006)
Record control number REV41622

No hay ítems disponibles.